KOHA-Header-6

Benazir Politics of Power (Record no. 1244)

000 -LEADER
fixed length control field 00263nam a2200109Ia 4500
008 - FIXED-LENGTH DATA ELEMENTS--GENERAL INFORMATION
fixed length control field 190723s9999 xx 000 0 und d
100 ## - MAIN ENTRY--PERSONAL NAME
Personal name Mushtaq Ahmed
245 #0 - TITLE STATEMENT
Title Benazir Politics of Power
260 ## - PUBLICATION, DISTRIBUTION, ETC. (IMPRINT)
Place of publication, distribution, etc Karachi
Name of publisher, distributor, etc Royal Book
Date of publication, distribution, etc 1987
300 ## - PHYSICAL DESCRIPTION
Extent 107
942 ## - ADDED ENTRY ELEMENTS (KOHA)
Koha item type Books
Holdings
Withdrawn status Lost status Source of classification or shelving scheme Damaged status Not for loan Collection code Permanent Location Current Location Shelving location Date acquired Full call number Barcode Date last seen Price effective from Koha item type
          English Literature MAJU MAJU Shelf No.A13 2019-07-23 320.95 7869 2023-06-12 2019-07-23 English Literature

Powered by Koha